000 00628nam a22001937a 4500
003 0
005 20231120084829.0
008 231120b xxu||||| |||| 00| 0 eng d
020 _a978-621-8035-62-2
050 _aHM 621
_b.R67 2020
100 _aRosales, Amalia C.
245 _aUnderstanding Philippine history readings and discourse
_cAmalia C. Rosales
260 _aManila
_bEDRIC Publishing House
_cc2020.
300 _a240 pages ;
_c25 cm.
504 _aIncludes bibliographical references.
650 _aPhilippine--politics and government.
650 _aCulture--Philippines--Social aspects.
942 _2lcc
_cBK
999 _c365647
_d365647